Phương thức cấu tạo danh từ chỉ người trong tiếng Nga

Đã lưu trong:
Bibliografiske detaljer
Hovedforfatter: Lô Sơn Bắc.
Andre forfattere: Dương Quốc Cường (hướng dẫn.)
Format: Bog
Sprog:Vietnamese
Udgivet: Đà Nẵng, 1993.
Fag:
Tags: Tilføj Tag
Ingen Tags, Vær først til at tagge denne postø!
Thư viện lưu trữ: Mạng thư viện Đại học Đà Nẵng
LEADER 00984cmm a2200349 i 4500
001 000044817
003 3226
005 20030508152100.0
008 010312|1993 vm 000 vie
040 |a IRC  |c IRC  |d IRC 
041 0 |a vie 
082 1 4 |a 491.7  |b LÔ-B 
100 1 |a Lô Sơn Bắc. 
245 0 0 |a Phương thức cấu tạo danh từ chỉ người trong tiếng Nga  |h [Thesis-Luận văn] /  |c Lô Sơn Bắc thực hiện ; Dương Quốc Cường hướng dẫn. 
260 |a Đà Nẵng,  |c 1993. 
300 |a 26Tr. ;  |c 32cm. 
630 0 4 |a Ngữ pháp. 
630 0 4 |a Khoá luận. 
630 0 4 |a Nga ngữ. 
630 0 4 |a Danh từ. 
650 0 4 |a Nga ngữ  |x Ngữ pháp. 
700 1 |a Dương Quốc Cường,  |e hướng dẫn. 
OWN |a DUT 
999 |a From the UDN01 
TYP |a Computer file 
TYP |a Monograph 
980 |a Mạng thư viện Đại học Đà Nẵng